[Event "Salon de Provence op 3rd"]
[Site "Salon de Provence"]
[Date "2008.04.17"]
[Round "6"]
[White "Leccia, Tristan"]
[Black "Busson, Benoist"]
[Result "0-1"]
[WhiteElo "1410"]
[BlackElo "2031"]
[PlyCount "42"]
[EventDate "2008.04.14"]
[EventType "swiss"]
[EventRounds "7"]
[EventCountry "FRA"]
[SourceTitle "CBM 123 Extra"]
[Source "ChessBase"]
[SourceDate "2008.05.06"]
[SourceVersion "1"]
[SourceVersionDate "2008.05.06"]
[SourceQuality "1"]

1. c4 e5 2. Nc3 d6 3. g3 f5 4. Bg2 Nf6 5. b4 Be7 6. e3 0-0 7. Nge2 c6 8. 0-0 Be6 9. f4 Qe8 10. Bb2 e4 11. d3 exd3 12. Qxd3 Qf7 13. Rfd1 Ng4 14. Nd5 cxd5 15. cxd5 Bd7 16. Rac1 Na6 17. Qd4 Bf6 18. Qd2 Bxb2 19. Qxb2 Nxe3 20. Rd3 Nxg2 21. Kxg2 Bb5 0-1